[Event "Madrid-ch SuperVeteranos 2024"]
[Site "Madrid ESP"]
[Date "2025.05.28"]
[Round "7.1"]
[White "Pastor Alonso De Prado, Alberto"]
[Black "Barahona Torrijos, Angel"]
[Result "1-0"]
[WhiteElo "1977"]
[BlackElo "1815"]
[PlyCount "105"]
[GameId "2183927899717700"]
[EventDate "2025.05.19"]
[EventType "swiss"]
[EventRounds "7"]
[EventCountry "ESP"]
[SourceTitle "Ajedrez en Madrid"]
[Source "lmi"]
[SourceDate "2025.05.19"]
[SourceVersion "1"]
[SourceVersionDate "2025.06.03"]
[SourceQuality "1"]

1. Nf3 d5 2. c4 e6 3. g3 Nf6 4. Bg2 dxc4 5. Qa4+ Bd7 6. Qxc4 Bc6 7. O-O Nbd7 8. Qc2 Be7 9. Nc3 O-O 10. Re1 Nc5 11. d3 Nd5 12. Nxd5 Bxd5 13. e4 Bc6 14. Ne5 Be8 15. Be3 Nd7 16. Nf3 e5 17. d4 exd4 18. Bxd4 c5 19. Bc3 b5 20. Rad1 Qc7 21. e5 Rc8 22. h4 b4 23. Bd2 c4 24. Bf4 Qc5 25. Bh3 Nb6 26. Be3 Qc6 27. Nd4 Qb7 28. Bf5 Ba4 29. Bxh7+ Kh8 30. Qf5 Bxd1 31. Rxd1 g6 32. Bxg6 fxg6 33. Qxg6 Bc5 34. Bg5 Qg7 35. Qh5+ Qh7 36. Qg4 c3 37. bxc3 bxc3 38. Bf6+ Rxf6 39. exf6 Qf7 40. Ne6 c2 41. Re1 Re8 42. Qg5 Rg8 43. Qxc5 Rc8 44. Qg5 Nd7 45. Qg7+ Qxg7 46. fxg7+ Kg8 47. Rc1 Rc4 48. Kf1 Kf7 49. h5 Nf6 50. h6 Kg6 51. Nd4 Rxd4 52. Rxc2 Ra4 53. Rc6 1-0

[Event "Madrid-ch SuperVeteranos 2024"]
[Site "Madrid ESP"]
[Date "2025.05.28"]
[Round "7.2"]
[White "Perez Agusti, Luis"]
[Black "Martin Martin, Luis Vicente"]
[Result "0-1"]
[WhiteElo "1916"]
[BlackElo "1958"]
[PlyCount "60"]
[GameId "2184064562090054"]
[EventDate "2025.05.19"]
[EventType "swiss"]
[EventRounds "7"]
[EventCountry "ESP"]
[SourceTitle "Ajedrez en Madrid"]
[Source "lmi"]
[SourceDate "2025.05.19"]
[SourceVersion "1"]
[SourceVersionDate "2025.06.03"]
[SourceQuality "1"]

1. d4 c5 2. c3 cxd4 3. cxd4 d5 4. Nf3 Nc6 5. Nc3 Nf6 6. Qb3 a6 7. Bg5 e6 8. e3 Be7 9. Bd3 O-O 10. Rc1 Bd7 11. O-O Na5 12. Qc2 h6 13. Bh4 Rc8 14. Qe2 b5 15. Bxf6 Bxf6 16. e4 dxe4 17. Qxe4 g6 18. Ne2 Bc6 19. Qf4 Bg7 20. b4 Bxf3 21. Rxc8 Qxc8 22. Qxf3 Nc6 23. a3 Nxd4 24. Nxd4 Bxd4 25. h4 h5 26. Qf4 e5 27. Qh6 Qe6 28. Rc1 Qf6 29. Rc2 Rd8 30. Be4 Bxf2+ 0-1

[Event "Madrid-ch SuperVeteranos 2024"]
[Site "Madrid ESP"]
[Date "2025.05.28"]
[Round "7.3"]
[White "Garcia Galeote, Lorenzo"]
[Black "Gonzalez Rivera, Eduardo"]
[Result "1/2-1/2"]
[WhiteElo "1894"]
[BlackElo "2004"]
[PlyCount "125"]
[GameId "2184068433322097"]
[EventDate "2025.05.19"]
[EventType "swiss"]
[EventRounds "7"]
[EventCountry "ESP"]
[SourceTitle "Ajedrez en Madrid"]
[Source "lmi"]
[SourceDate "2025.05.19"]
[SourceVersion "1"]
[SourceVersionDate "2025.06.03"]
[SourceQuality "1"]

1. d4 d5 2. Bf4 Nf6 3. e3 e6 4. Nd2 Bd6 5. Ngf3 c5 6. dxc5 Bxf4 7. exf4 Qa5 8. Bd3 Nbd7 9. c3 Qxc5 10. O-O O-O 11. Re1 b6 12. Nb3 Qc7 13. g3 Nc5 14. Bf1 a5 15. Nbd4 Ba6 16. a4 Bxf1 17. Kxf1 Nce4 18. Ne5 Rfd8 19. f3 Nd6 20. Qe2 Rac8 21. Kg2 Qb7 22. Rad1 Nd7 23. Nb5 Nc5 24. Nxd6 Rxd6 25. Qb5 Rdd8 26. b4 axb4 27. cxb4 Nd7 28. Rc1 Nxe5 29. fxe5 d4 30. a5 Rb8 31. axb6 Qxb6 32. Qxb6 Rxb6 33. Rc4 f6 34. f4 fxe5 35. fxe5 Kf7 36. Rd1 d3 37. Kf3 Rd5 38. Rc5 Rxb4 39. Rxd5 exd5 40. Rxd3 Ke6 41. Re3 g5 42. h3 h5 43. Re2 g4+ 44. hxg4 hxg4+ 45. Kf2 Re4 46. Ra2 Kxe5 47. Ra5 Rb4 48. Ra8 Ke4 49. Re8+ Kd3 50. Re3+ Kd4 51. Re8 Rb2+ 52. Kf1 Kd3 53. Re5 d4 54. Rg5 Ke3 55. Rxg4 Rb1+ 56. Kg2 d3 57. Rg8 Rb4 58. Re8+ Kd4 59. Kf2 Rb2+ 60. Ke1 Rg2 61. Rd8+ Kc3 62. Rc8+ Kb2 63. Kd1 1/2-1/2

[Event "Madrid-ch SuperVeteranos 2024"]
[Site "Madrid ESP"]
[Date "2025.05.28"]
[Round "7.4"]
[White "Lorenzo Bailador, Alfredo"]
[Black "Camarero Izquierdo, Juan Carlos"]
[Result "1-0"]
[WhiteElo "1968"]
[BlackElo "1892"]
[PlyCount "61"]
[GameId "2184082761236620"]
[EventDate "2025.05.19"]
[EventType "swiss"]
[EventRounds "7"]
[EventCountry "ESP"]
[SourceTitle "Ajedrez en Madrid"]
[Source "lmi"]
[SourceDate "2025.05.19"]
[SourceVersion "1"]
[SourceVersionDate "2025.06.03"]
[SourceQuality "1"]

1. e4 c5 2. c3 d5 3. exd5 Qxd5 4. d4 e6 5. Nf3 Nf6 6. Na3 cxd4 7. Nb5 Qe4+ 8. Be2 Na6 9. Nbxd4 Be7 10. O-O O-O 11. Re1 Nc7 12. Bd3 Qg4 13. h3 Qh5 14. Re5 Qxe5 15. Nxe5 Nfd5 16. Qh5 g6 17. Qe2 f6 18. Nef3 e5 19. Nb5 Ne8 20. Bc4 Be6 21. Nxe5 fxe5 22. Qxe5 Nf4 23. Bxe6+ Nxe6 24. Qxe6+ Rf7 25. Be3 a6 26. Nd4 Nc7 27. Qc4 Bd6 28. Ne6 b5 29. Qb3 Nxe6 30. Qxe6 Rd8 31. Bb6 1-0

[Event "Madrid-ch SuperVeteranos 2024"]
[Site "Madrid ESP"]
[Date "2025.05.28"]
[Round "7.5"]
[White "Martin-Consuegra Barrilero, Javi"]
[Black "Cabanas Bravo, Juan Andres"]
[Result "1/2-1/2"]
[WhiteElo "1825"]
[BlackElo "1911"]
[PlyCount "59"]
[GameId "2184086228594845"]
[EventDate "2025.05.19"]
[EventType "swiss"]
[EventRounds "7"]
[EventCountry "ESP"]
[SourceTitle "Ajedrez en Madrid"]
[Source "lmi"]
[SourceDate "2025.05.19"]
[SourceVersion "1"]
[SourceVersionDate "2025.06.03"]
[SourceQuality "1"]

1. d4 Nf6 2. Nf3 c5 3. e3 g6 4. b3 Bg7 5. Bb2 Ng4 6. Be2 d5 7. O-O O-O 8. c4 Nc6 9. Na3 Rb8 10. cxd5 Nb4 11. Nd2 Nf6 12. Ndc4 Ne4 13. f3 Nd6 14. dxc5 Bxb2 15. Nxb2 Nf5 16. e4 Ne3 17. Qd4 Nbc2 18. Nxc2 Nxc2 19. Qc3 Nxa1 20. Rxa1 Qc7 21. Rc1 Rd8 22. b4 Qf4 23. Nc4 Bd7 24. Qe3 g5 25. g3 Qxe3+ 26. Nxe3 a6 27. e5 Bb5 28. Bd1 Rbc8 29. Bb3 Kf8 30. Rc3 1/2-1/2

[Event "Madrid-ch SuperVeteranos 2024"]
[Site "Madrid ESP"]
[Date "2025.05.28"]
[Round "7.6"]
[White "Pinan Gaviria, Jose"]
[Black "Hernandez Gutierrez, Jose"]
[Result "1/2-1/2"]
[WhiteElo "1802"]
[BlackElo "1809"]
[PlyCount "89"]
[GameId "2184089503707311"]
[EventDate "2025.05.19"]
[EventType "swiss"]
[EventRounds "7"]
[EventCountry "ESP"]
[SourceTitle "Ajedrez en Madrid"]
[Source "lmi"]
[SourceDate "2025.05.19"]
[SourceVersion "1"]
[SourceVersionDate "2025.06.03"]
[SourceQuality "1"]

1. e4 d6 2. d4 Nf6 3. Nc3 Nbd7 4. Bc4 e5 5. Nf3 Be7 6. Bb3 O-O 7. O-O c6 8. h3 b5 9. a3 a5 10. d5 Bb7 11. dxc6 Bxc6 12. Qe2 b4 13. Nd5 Bxd5 14. exd5 a4 15. Bc4 Qb6 16. Be3 Qb7 17. axb4 Qxb4 18. c3 Qb7 19. Rfd1 Rfb8 20. Ra2 Nb6 21. Bxb6 Qxb6 22. Nd2 Ra5 23. Nf1 Qa7 24. Ne3 g6 25. Rda1 Bd8 26. b4 axb3 27. Rxa5 Bxa5 28. Qb2 Qc5 29. Rc1 Qb6 30. Rb1 Ne4 31. Qxb3 Qxb3 32. Rxb3 Rxb3 33. Bxb3 Bxc3 34. Bc2 Nd2 35. Bd3 f5 36. Nc4 Nxc4 37. Bxc4 e4 38. Kf1 Kf7 39. Ke2 f4 40. Bb5 Kf6 41. Bd7 Ke5 42. Be6 g5 43. f3 h6 44. Bf7 Kd4 45. Be6 1/2-1/2

[Event "Madrid-ch SuperVeteranos 2024"]
[Site "Madrid ESP"]
[Date "2025.05.28"]
[Round "7.7"]
[White "Martinez Rubio, Felipe"]
[Black "Fernandez Garcia, Ignacio"]
[Result "0-1"]
[WhiteElo "1748"]
[BlackElo "1818"]
[PlyCount "144"]
[GameId "2184095266656449"]
[EventDate "2025.05.19"]
[EventType "swiss"]
[EventRounds "7"]
[EventCountry "ESP"]
[SourceTitle "Ajedrez en Madrid"]
[Source "lmi"]
[SourceDate "2025.05.19"]
[SourceVersion "1"]
[SourceVersionDate "2025.06.03"]
[SourceQuality "1"]

1. d4 b5 2. e4 Bb7 3. d5 a6 4. b3 c6 5. c4 d6 6. Bb2 Nf6 7. Nd2 Nbd7 8. Ngf3 g6 9. Qc2 cxd5 10. exd5 bxc4 11. bxc4 Bg7 12. Ne4 O-O 13. Nxf6+ Nxf6 14. Rb1 Bc8 15. Bd3 Bd7 16. O-O Qc7 17. Bd4 Qc8 18. Rfe1 e5 19. dxe6 Bxe6 20. Ng5 Rb8 21. Rxb8 Qxb8 22. Nxe6 fxe6 23. Rxe6 Qc8 24. Rxd6 Qg4 25. c5 Qf4 26. g3 Qh6 27. Qc4+ Kh8 28. Be3 Qh5 29. Be2 Qe5 30. Bd4 Qf5 31. Qd3 Qg5 32. Qe3 Qf5 33. Bd3 Qg4 34. f3 Qh3 35. Qe6 Qh6 36. Be3 Qh5 37. g4 Qh3 38. Be2 Re8 39. Qb3 Nxg4 40. fxg4 Be5 41. Bf4 Qxb3 42. axb3 Bxf4 43. Bxa6 Bxd6 44. cxd6 Rd8 45. Bc4 Rxd6 46. Kf2 Kg7 47. Ke3 Kf6 48. h4 Ke5 49. Bg8 h6 50. Bf7 Rb6 51. Bc4 Rf6 52. Be2 Rf4 53. Kd3 Rb4 54. Kc3 Re4 55. Bd1 Re1 56. Bc2 Kf6 57. h5 g5 58. b4 Ke5 59. Bf5 Rc1+ 60. Kb3 Kd4 61. b5 Kc5 62. Bd7 Rd1 63. Bf5 Kxb5 64. Kc3 Kc5 65. Kc2 Rd8 66. Kc3 Rd4 67. Be6 Ra4 68. Kd3 Kd6 69. Bf5 Ke5 70. Ke3 Ra3+ 71. Ke2 Kf4 72. Kf2 Rg3 0-1

[Event "Madrid-ch SuperVeteranos 2024"]
[Site "Madrid ESP"]
[Date "2025.05.28"]
[Round "7.8"]
[White "Mauriello, Nunzio"]
[Black "Alberdi Garcia, Carlos Alfonso"]
[Result "1/2-1/2"]
[WhiteElo "1742"]
[BlackElo "1769"]
[PlyCount "74"]
[GameId "2184190265675869"]
[EventDate "2025.05.19"]
[EventType "swiss"]
[EventRounds "7"]
[EventCountry "ESP"]
[SourceTitle "Ajedrez en Madrid"]
[Source "lmi"]
[SourceDate "2025.05.19"]
[SourceVersion "1"]
[SourceVersionDate "2025.06.03"]
[SourceQuality "1"]

1. d4 Nf6 2. c4 e6 3. Nf3 Bb4+ 4. Bd2 Be7 5. g3 b6 6. Bg2 Bb7 7. Qc2 O-O 8. O-O d5 9. Bf4 Nh5 10. Be3 Nd7 11. Rd1 Rc8 12. c5 bxc5 13. dxc5 c6 14. Nbd2 e5 15. Nb3 d4 16. Bd2 Nhf6 17. Ba5 Qe8 18. Nfd2 Nd5 19. Nf1 Nc7 20. Bxc7 Rxc7 21. e3 dxe3 22. Nxe3 g6 23. Qc3 Ba6 24. Rd2 Bg5 25. Rad1 Be7 26. Nc2 Qc8 27. h4 f6 28. Nb4 Rd8 29. Bh3 f5 30. Nxa6 Qxa6 31. Bf1 Qc8 32. Bc4+ Kg7 33. Be6 Qb7 34. Bxd7 Rcxd7 35. Rxd7 Rxd7 36. Rxd7 Qxd7 37. Qxe5+ Bf6 1/2-1/2

[Event "Madrid-ch SuperVeteranos 2024"]
[Site "Madrid ESP"]
[Date "2025.05.28"]
[Round "7.9"]
[White "Marcos Medina, Alejandro"]
[Black "Conchillo Roman, Jose Ignacio"]
[Result "0-1"]
[WhiteElo "1759"]
[BlackElo "1683"]
[PlyCount "66"]
[GameId "2184200185008256"]
[EventDate "2025.05.19"]
[EventType "swiss"]
[EventRounds "7"]
[EventCountry "ESP"]
[SourceTitle "Ajedrez en Madrid"]
[Source "lmi"]
[SourceDate "2025.05.19"]
[SourceVersion "1"]
[SourceVersionDate "2025.06.03"]
[SourceQuality "1"]

1. d4 Nf6 2. Nc3 d6 3. e4 g6 4. Bg5 Bg7 5. Qd2 h6 6. Bf4 c6 7. O-O-O b5 8. f3 a5 9. g4 a4 10. Qe2 b4 11. Nb1 b3 12. cxb3 g5 13. Bg3 Na6 14. e5 Nd5 15. a3 Be6 16. exd6 exd6 17. Nc3 O-O 18. Nxa4 Ndb4 19. Qe3 Nd5 20. Qd2 f5 21. Bxa6 Rxa6 22. Qe2 Bc8 23. Nc3 Nxc3 24. bxc3 Rxa3 25. Qc4+ d5 26. Qb4 Ra1+ 27. Kd2 Rxd1+ 28. Kxd1 fxg4 29. fxg4 Bxg4+ 30. Kd2 Qe8 31. Qd6 Qe4 32. Be5 Bxe5 33. dxe5 Rf2+ 0-1

[Event "Madrid-ch SuperVeteranos 2024"]
[Site "Madrid ESP"]
[Date "2025.05.28"]
[Round "7.10"]
[White "Ghavami, Mahmoud"]
[Black "Martinez Gallardo, Javier"]
[Result "1/2-1/2"]
[WhiteElo "1610"]
[BlackElo "1713"]
[PlyCount "68"]
[GameId "2184201512312975"]
[EventDate "2025.05.19"]
[EventType "swiss"]
[EventRounds "7"]
[EventCountry "ESP"]
[SourceTitle "Ajedrez en Madrid"]
[Source "lmi"]
[SourceDate "2025.05.19"]
[SourceVersion "1"]
[SourceVersionDate "2025.06.03"]
[SourceQuality "1"]

1. d4 Nf6 2. c4 e5 3. d5 Bc5 4. e3 d6 5. Nc3 O-O 6. Qc2 Re8 7. Na4 Bb4+ 8. Nc3 Bxc3+ 9. Qxc3 Ne4 10. Qc2 f5 11. Bd3 Qf6 12. Bxe4 fxe4 13. Qxe4 Bf5 14. Qf3 e4 15. Qd1 Nd7 16. Ne2 Ne5 17. O-O Bg4 18. Qc2 Nd3 19. Ng3 Bf5 20. Bd2 Qg6 21. Bc3 Ne5 22. Bxe5 Rxe5 23. b4 Bd7 24. Rad1 h5 25. Rd4 Rae8 26. Ne2 Qg5 27. Nf4 Bf5 28. Kh1 h4 29. h3 Qh6 30. Qe2 Bd7 31. Kh2 Rf8 32. Rg1 g5 33. Ne6 Bxe6 34. dxe6 Rxe6 1/2-1/2

[Event "Madrid-ch SuperVeteranos 2024"]
[Site "Madrid ESP"]
[Date "2025.05.28"]
[Round "7.11"]
[White "Diaz Begonte, Manuel"]
[Black "Martinez De La Puente, Ignacio"]
[Result "0-1"]
[WhiteElo "1699"]
[BlackElo "1786"]
[PlyCount "68"]
[GameId "2184202224271518"]
[EventDate "2025.05.19"]
[EventType "swiss"]
[EventRounds "7"]
[EventCountry "ESP"]
[SourceTitle "Ajedrez en Madrid"]
[Source "lmi"]
[SourceDate "2025.05.19"]
[SourceVersion "1"]
[SourceVersionDate "2025.06.03"]
[SourceQuality "1"]

1. e4 e6 2. d4 d5 3. exd5 exd5 4. Bd3 Nf6 5. Ne2 Bd6 6. Bf4 Be6 7. O-O O-O 8. Nd2 Bg4 9. f3 Bh5 10. c4 Re8 11. Bxd6 Qxd6 12. c5 Qd7 13. Nf4 Nc6 14. a3 Nxd4 15. Nb3 Ne6 16. Bf5 Qc6 17. Nxh5 Nxh5 18. Qc2 g6 19. Bd3 Qd7 20. Qd2 Rad8 21. Rfe1 c6 22. g3 Qe7 23. Rac1 Qf6 24. Kg2 Nhg7 25. Bb1 Nf5 26. Bxf5 Qxf5 27. f4 Ng7 28. Nd4 Qg4 29. Nf3 f6 30. Qd4 Kf7 31. b4 Qd7 32. a4 Rxe1 33. Rxe1 Re8 34. Re3 Nf5 0-1

[Event "Madrid-ch SuperVeteranos 2024"]
[Site "Madrid ESP"]
[Date "2025.05.28"]
[Round "7.12"]
[White "Tresguerres Riestra, Juan Jose"]
[Black "Garcia Esteban, Ignacio"]
[Result "1/2-1/2"]
[WhiteElo "1487"]
[BlackElo "1773"]
[PlyCount "29"]
[GameId "2184225120055364"]
[EventDate "2025.05.19"]
[EventType "swiss"]
[EventRounds "7"]
[EventCountry "ESP"]
[SourceTitle "Ajedrez en Madrid"]
[Source "lmi"]
[SourceDate "2025.05.19"]
[SourceVersion "1"]
[SourceVersionDate "2025.06.03"]
[SourceQuality "1"]

1. e4 c5 2. Nc3 Nc6 3. g3 g6 4. Bg2 Bg7 5. d3 d6 6. Be3 Nf6 7. Nge2 O-O 8. O-O Bd7 9. Qd2 a6 10. h3 b5 11. Bh6 Qc8 12. Kh2 Nh5 13. Bxg7 Nxg7 14. Nd5 Qd8 15. Qg5 1/2-1/2

[Event "Madrid-ch SuperVeteranos 2024"]
[Site "Madrid ESP"]
[Date "2025.05.28"]
[Round "7.14"]
[White "De Los Rios Camacho, Juan Antoni"]
[Black "Lozano Valverde, Eduardo"]
[Result "1/2-1/2"]
[WhiteElo "1752"]
[BlackElo "1454"]
[PlyCount "70"]
[GameId "2184309517267070"]
[EventDate "2025.05.19"]
[EventType "swiss"]
[EventRounds "7"]
[EventCountry "ESP"]
[SourceTitle "Ajedrez en Madrid"]
[Source "lmi"]
[SourceDate "2025.05.19"]
[SourceVersion "1"]
[SourceVersionDate "2025.06.03"]
[SourceQuality "1"]

1. e4 c6 2. Nf3 d5 3. Nc3 dxe4 4. Nxe4 Nf6 5. Qe2 Nxe4 6. Qxe4 e6 7. d4 Nd7 8. Bg5 Be7 9. Bxe7 Qxe7 10. Bd3 Nf6 11. Qh4 Qb4+ 12. Nd2 c5 13. Qg3 O-O 14. dxc5 Qxc5 15. O-O b6 16. Ne4 Nxe4 17. Bxe4 Ba6 18. Bxa8 Bxf1 19. Be4 Ba6 20. Rd1 Bb5 21. c3 a5 22. Rd4 Bc6 23. Bc2 f5 24. h4 Bd5 25. b3 b5 26. Qe5 Qxc3 27. Rxd5 Qxc2 28. Qxe6+ Kh8 29. Qe7 Rg8 30. Rxb5 Qc1+ 31. Kh2 Qf4+ 32. Kg1 Qc1+ 33. Kh2 Qf4+ 34. Kh3 Qg4+ 35. Kh2 Qf4+ 1/2-1/2

[Event "Madrid-ch SuperVeteranos 2024"]
[Site "Madrid ESP"]
[Date "2025.05.28"]
[Round "7.17"]
[White "Garcia Marin, Blas"]
[Black "Martinez Miura, Enrique"]
[Result "0-1"]
[WhiteElo "1590"]
[BlackElo "1680"]
[PlyCount "84"]
[GameId "2184425823785102"]
[EventDate "2025.05.19"]
[EventType "swiss"]
[EventRounds "7"]
[EventCountry "ESP"]
[SourceTitle "Ajedrez en Madrid"]
[Source "lmi"]
[SourceDate "2025.05.19"]
[SourceVersion "1"]
[SourceVersionDate "2025.06.03"]
[SourceQuality "1"]

1. e4 e6 2. d4 d5 3. e5 c5 4. c3 cxd4 5. cxd4 Nc6 6. a3 Bd7 7. Nf3 Nge7 8. Nc3 Nf5 9. Be2 Be7 10. O-O O-O 11. Be3 Rc8 12. Rc1 Nxe3 13. fxe3 a6 14. Bd3 f6 15. Qc2 f5 16. Qd2 Be8 17. Ne2 Qd7 18. Nf4 g5 19. Ne2 Bg6 20. Ng3 g4 21. Ne1 Bg5 22. Ne2 Qg7 23. Nf4 Bxf4 24. Rxf4 h5 25. g3 Ne7 26. Ng2 Rxc1+ 27. Qxc1 Rc8 28. Qf1 Qf8 29. Nh4 Qd8 30. Nxg6 Nxg6 31. Rf2 Rc7 32. Rc2 Rxc2 33. Bxc2 Qg5 34. Qe1 h4 35. Qc3 hxg3 36. hxg3 Nf8 37. Qe1 Qh6 38. Qf2 Nh7 39. Kf1 Ng5 40. Bd3 Qh1+ 41. Ke2 Qc1 42. Qf4 Nf3 0-1

[Event "Madrid-ch SuperVeteranos 2024"]
[Site "Madrid ESP"]
[Date "2025.05.28"]
[Round "7.18"]
[White "Lopez Manso, Jeronimo"]
[Black "Benito Mellado, Humberto"]
[Result "0-1"]
[WhiteElo "1547"]
[BlackElo "1615"]
[PlyCount "90"]
[GameId "2184430026604704"]
[EventDate "2025.05.19"]
[EventType "swiss"]
[EventRounds "7"]
[EventCountry "ESP"]
[SourceTitle "Ajedrez en Madrid"]
[Source "lmi"]
[SourceDate "2025.05.19"]
[SourceVersion "1"]
[SourceVersionDate "2025.06.03"]
[SourceQuality "1"]

1. f4 d5 2. Nf3 c5 3. e3 e6 4. b3 Nc6 5. Bb2 Nf6 6. c4 Be7 7. Be2 O-O 8. O-O a6 9. Na3 Ne4 10. d3 Nd6 11. Rc1 Nf5 12. Qd2 d4 13. Nc2 Bf6 14. e4 Ne3 15. Rf2 Ng4 16. e5 Bh4 17. g3 Nxf2 18. Nxh4 g5 19. fxg5 Nh3+ 20. Kg2 Qxg5 21. Qxg5+ Nxg5 22. b4 b6 23. bxc5 bxc5 24. Ba3 Nb4 25. Nxb4 cxb4 26. Bxb4 Bb7+ 27. Kf1 Rfe8 28. Ng2 h6 29. Nf4 Nf3 30. h3 Nxe5 31. Nh5 Nd7 32. Kf2 a5 33. Bd2 Kh7 34. c5 Rec8 35. Rb1 Nxc5 36. Rb5 Bd5 37. Nf6+ Kg6 38. Nxd5 exd5 39. Bf3 Nxd3+ 40. Ke2 Ne5 41. Bxd5 Rab8 42. Rxa5 Re8 43. Be4+ Kg7 44. Kf2 Nc4 45. Bxh6+ Kxh6 0-1

[Event "Madrid-ch SuperVeteranos 2024"]
[Site "Madrid ESP"]
[Date "2025.05.28"]
[Round "7.19"]
[White "Vallespin Morales, Antonio"]
[Black "Salgado Duarte, Pablo"]
[Result "1/2-1/2"]
[WhiteElo "1530"]
[BlackElo "1618"]
[PlyCount "94"]
[GameId "2184434177274034"]
[EventDate "2025.05.19"]
[EventType "swiss"]
[EventRounds "7"]
[EventCountry "ESP"]
[SourceTitle "Ajedrez en Madrid"]
[Source "lmi"]
[SourceDate "2025.05.19"]
[SourceVersion "1"]
[SourceVersionDate "2025.06.03"]
[SourceQuality "1"]

1. e4 e5 2. Nf3 Nc6 3. Bb5 a6 4. Ba4 Nf6 5. d3 b5 6. Bb3 h6 7. c3 Bc5 8. O-O d6 9. h3 O-O 10. Re1 Qe7 11. Be3 Bxe3 12. Rxe3 Be6 13. Bxe6 Qxe6 14. Nbd2 Nd7 15. Nf1 f5 16. exf5 Qxf5 17. Ng3 Qf7 18. Qe2 Nf6 19. Nh4 Ne7 20. Rf3 Qd5 21. a4 Nd7 22. Nhf5 Nxf5 23. Nxf5 Qe6 24. d4 e4 25. Nxh6+ Qxh6 26. Rxf8+ Rxf8 27. Qxe4 Qf6 28. f3 Nb6 29. axb5 axb5 30. Ra7 Qf7 31. Qc6 Rc8 32. Qxb5 Qe6 33. Qc6 Nc4 34. Rxc7 Rxc7 35. Qxc7 Kh7 36. Qb7 Nd2 37. Kf2 Nc4 38. Qe4+ Qxe4 39. fxe4 Nxb2 40. Ke3 Kg6 41. g4 Kg5 42. Kf3 Nc4 43. Kg3 Kf6 44. h4 g5 45. hxg5+ Kxg5 46. e5 dxe5 47. dxe5 Nxe5 1/2-1/2